Những người cộng sản

Giới thiệu 21 nhà hoạt động cách mạng lão thành đã hy sinh anh dũng vì sự nghiệp giải phóng dân tộc. Đó là các đồng chí: Trần Phú, Ngô Gia Tự, Nguyễn Văn Cừ, Lê Hồng Sơn, Hồ Tùng Mậu,....

Enregistré dans:
Détails bibliographiques
Auteur principal: Đức Vượng
Format: Livre
Langue:Undetermined
Publié: Hà Nội Thanh Niên 2000
Sujets:
Tags: Ajouter un tag
Pas de tags, Soyez le premier à ajouter un tag!
Thư viện lưu trữ: Trung tâm Học liệu Trường Đại học Cần Thơ
LEADER 00870nam a2200217Ia 4500
001 CTU_36233
008 210402s9999 xx 000 0 und d
020 |c 21000 
082 |a 324.2597075 
082 |b Đ552 
100 |a Đức Vượng 
245 0 |a Những người cộng sản 
245 0 |c Đức Vượng, Nguyễn Đình Nhơn 
260 |a Hà Nội 
260 |b Thanh Niên 
260 |c 2000 
520 |a Giới thiệu 21 nhà hoạt động cách mạng lão thành đã hy sinh anh dũng vì sự nghiệp giải phóng dân tộc. Đó là các đồng chí: Trần Phú, Ngô Gia Tự, Nguyễn Văn Cừ, Lê Hồng Sơn, Hồ Tùng Mậu,.... 
650 |a Communists 
650 |z Vietnam 
904 |i Năm 
980 |a Trung tâm Học liệu Trường Đại học Cần Thơ